Enciclopedia médico-legal. (Registro nro. 1035)

Detalles MARC
000 -LEADER
fixed length control field 00664nam a2200217 a 4500
008 - CAMPO DE CONTROL (LIBRO)
fixed length control field 120601s2011 ag ||||f |||| 001 0 spa d
020 ## - INTERNATIONAL STANDARD BOOK NUMBER
ISBN 9789875701625
041 ## - CODIGO DE IDIOMA
Código de idioma del texto/pista de sonido o título separado spa
092 ## - SIGNATURA TOPOGRAFICA DEWEY LOCAL
número de clasificación 614
libristica 65
sección PAT
100 1# - ENTRADA PRINCIPAL--NOMBRE PERSONAL
Nombre personal Patitó, José Ángel
9 (RLIN) 527
245 ## - TITULO PROPIAMENTE DICHO
Título Enciclopedia médico-legal.
Subtítulo y Título paralelo Vol.2 /
Mención de responsabilidad y remanente de la transcripción de la portada José Ángel Patitó
250 ## - MENCION DE EDICION
Mención de edición 1a ed.
260 ## - PIE DE IMPRENTA
Lugar de publicación, distribución, etc Buenos Aires:
Nombre de la editorial, distribuidor, etc Librería Akadia;
Fecha de publicación 2011.
300 ## - DESCRIPCION FISICA
Extension 629 p.
500 ## - NOTA GENERAL
Nota general Patitó, J. A. (2011). Enciclopedia médico-legal. Vol.2 (1a ed.). Buenos Aires : Librería Akadia.
590 ## - NOTAS LOCALES (RLIN)
Nota local Proyecto PROMED
653 ## - TÉRMINO INDIZADO - PALABRAS CLAVES
Palabra clave Medicina legal
653 ## - TÉRMINO INDIZADO - PALABRAS CLAVES
Palabra clave Tanatologia
653 ## - TÉRMINO INDIZADO - PALABRAS CLAVES
Palabra clave Deontologia
942 ## - ADDED ENTRY ELEMENTS (KOHA)
Source of classification or shelving scheme Dewey Decimal Classification
Item type Libros
Existencias
Estado de retiro Existencia Fuente de clasificación Materiales especificados (bound volume or other part) Estado general No para prestamo Colección Ubicación permanente ubicación actual Sala de ubicación Fecha de adquisición Fuente de adquisición Total Checkouts Número de clasificación Código de barras Date last seen Date last borrowed Número de ejemplar Price effective from Koha tipo de elemento (item) Public note
    Dewey Decimal Classification V.2     Reference Biblioteca Medicina Biblioteca Medicina Referencia 04/06/2012 Proyecto PROMED 1 614;PAT;65 2495 06/07/2017 30/06/2017 Ej. 1 04/06/2012 Reference LIBRO DE CONSULTA. Proyecto PROMED
    Dewey Decimal Classification v.2       Biblioteca Medicina Biblioteca Medicina Circulación 04/06/2012 Proyecto PROMED 2 614;PAT;65 2496 26/02/2018 21/02/2018 Ej.2 04/06/2012 Libros Proyecto PROMED

UNIVERSIDAD NACIONAL DEL COMAHUE
Biblioteca de la Facultad de Ciencias Médicas
Sede Toschi: Los Arrayanes y Av. Toschi, Cipolletti  - Rio Negro
Sede Los Tordos:  Yrigoyen al 2211, Cipolletti - Rio Negro 

Teléfono: 0299 - 4774707 int 25
Contacto: biblioteca@facimed.uncoma.edu.ar
© 2011 - 2026